000 01126nam a2200265 a 4500
001 000023338
005 20200930022141.0
008 101202s1968 mx 000 0 spa d
040 _aDO-SdBNP
_bspa
_cBNPHU
041 1 7 _aspa
_heng
_2Código de idiomas MARC
082 _a371.33
_bS296ó
100 1 _aSchain, Robert L.
_948071
240 1 0 _aWhere to get and how to use free and inexpensive teaching aids.
_lEspañol
245 1 0 _aObtención y empleo de medios de enseñanza económicos y gratuitos /
_cRobert L. Schain y Murray Polner ; traducción Vicente Agut Armer.
260 _aMéxico, D. F. :
_bUnión Tipográfica Editorial Hispano Americana,
_c1968.
300 _avii, 171 p. ;
_c18 cm.
490 1 _aManual Uteha Breve. Educación
_v381/17
534 _a[Título original en inglés] :
_tWhere to get and how to use free and inexpensive teaching aids
650 4 _aMateriales de enseñanza
_936366
650 4 _aManuales de capacitación
_924087
700 1 _aAgut Armer, Vicente,
_etr.
_941657
700 1 _aPolner, Murray.
_948072
830 0 _aManual Uteha Breve.
_pEducación
_v381/17
_948073
049 _aBNGR
999 _c22835
_d22835